Estudios sobre aprendizaje, uso de lenguas y teoría gramatical (Record no. 21001)

MARC details
000 -LEADER
campo de control de longitud fija 00945nmc a2200301 a 4500
003 - IDENTIFICADOR DE NÚMERO DE CONTROL
campo de control AR-BaBNM
005 - FECHA Y HORA DE LA ÚLTIMA TRANSACCIÓN
campo de control 20251128211748.0
008 - DATOS DE LONGITUD FIJA--INFORMACIÓN GENERAL
campo de control de longitud fija 216020s1998 ||||||||||||||000 | spa||
020 ## - NÚMERO INTERNACIONAL ESTÁNDAR DEL LIBRO
Número Internacional Estándar del Libro 84-88713-62-2
040 ## - FUENTE DE CATALOGACIÓN
Centro/agencia transcriptor AR-BaBNM
100 1# - ENTRADA PRINCIPAL--NOMBRE DE PERSONA
Nombre de persona Molina Valero, Juan Manuel
245 10 - MENCIÓN DEL TÍTULO
Título Estudios sobre aprendizaje, uso de lenguas y teoría gramatical
260 ## - PUBLICACIÓN, DISTRIBUCIÓN, ETC.
Lugar de publicación, distribución, etc. Logroño
Nombre del editor, distribuidor, etc. Universidad de La Rioja
Fecha de publicación, distribución, etc. 1998
300 0# - DESCRIPCIÓN FÍSICA
Extensión 125 p.
490 #0 - MENCIÓN DE SERIE
Mención de serie Biblioteca de investigación
Designación de volumen o secuencia v. 11
504 ## - NOTA DE BIBLIOGRAFÍA, ETC.
Nota de bibliografía, etc. Nota Contiene referencias bibliográficas
650 #4 - PUNTO DE ACCESO ADICIONAL DE MATERIA--TÉRMINO DE MATERIA
Término de materia o nombre geográfico como elemento de entrada LINGUISTICA
650 #4 - PUNTO DE ACCESO ADICIONAL DE MATERIA--TÉRMINO DE MATERIA
Término de materia o nombre geográfico como elemento de entrada GRAMATICA GENERATIVA
650 #4 - PUNTO DE ACCESO ADICIONAL DE MATERIA--TÉRMINO DE MATERIA
Término de materia o nombre geográfico como elemento de entrada ENSENANZA DE SEGUNDA LENGUA
650 #4 - PUNTO DE ACCESO ADICIONAL DE MATERIA--TÉRMINO DE MATERIA
Término de materia o nombre geográfico como elemento de entrada TEORIAS DEL APRENDIZAJE
653 #0 - TÉRMINO DE INDIZACIÓN--NO CONTROLADO
Término no controlado ENSENANZA DE LA LENGUA
653 #0 - TÉRMINO DE INDIZACIÓN--NO CONTROLADO
Término no controlado ADQUISICION DEL LENGUAJE
700 1# - ENTRADA AGREGADA--NOMBRE PERSONAL
Nombre de persona Ruiz de Mendoza Ibáñez, Francisco José
700 1# - ENTRADA AGREGADA--NOMBRE PERSONAL
Nombre de persona Santana Martínez, Pedro
700 1# - ENTRADA AGREGADA--NOMBRE PERSONAL
Nombre de persona Cunchillos Jaime, Carmelo
Término indicativo de función/relación editor
942 ## - ELEMENTOS DE ENTRADA SECUNDARIOS (KOHA)
Tipo de ítem Koha Libros
998 ## - INFORMACIÓN DE CONTROL LOCAL (RLIN)
Iniciales del catalogador, CIN (RLIN) me-solo cat
Holdings
Estatus retirado Estado de pérdida Fuente de la clasificación o esquema de estantería Estado de daño Restricciones de uso No para préstamo Biblioteca de origen Biblioteca actual Ubicación en estantería Fecha de adquisición Total de préstamos Código de barras Visto por última vez Precio de reemplazo Tipo de ítem Koha
    Clasificación Decimal Dewey   Acceso restringido No para préstamo Liberty Liberty   28/11/2025   141770 28/11/2025 28/11/2025 Libros